000 00241nam a22001097a 4500
041 _aENG
245 _aEssays For Toefl/ Lelts
260 _aDelhi
_bDeeamtech
_c2005
300 _a262
650 _aCompetitive (47)
856 _uCompetitive (47)
999 _c3085
_d3085